A dictionary of the Biloxi and of languages accompanied with thirty one biloxi texts and numeroux biloxi phrases / (Record no. 57688)

MARC details
000 -LEADER
campo de control de longitud fija 00717nam a2200193 i 4500
001 - NÚMERO DE CONTROL
campo de control 57688
003 - IDENTIFICADOR DE NÚMERO DE CONTROL
campo de control ES-MaACL
007 - CAMPO FIJO DE DESCRIPCIÓN FÍSICA--INFORMACIÓN GENERAL
campo de control de longitud fija t|
008 - DATOS DE LONGITUD FIJA--INFORMACIÓN GENERAL
campo de control de longitud fija 031017s1912 xxu ||||1| eng d
100 1# - ENTRADA PRINCIPAL--NOMBRE DE PERSONA
Nombre de persona Dorsey, James Owen.
9 (RLIN) 45435
245 12 - MENCIÓN DEL TÍTULO
Título A dictionary of the Biloxi and of languages accompanied with thirty one biloxi texts and numeroux biloxi phrases /
Mención de responsabilidad, etc. by James Owen Dorsey and John R. Swanton.
260 ## - PUBLICACIÓN, DISTRIBUCIÓN, ETC.
Lugar de publicación, distribución, etc. Washington :
Nombre del editor, distribuidor, etc. Government Printing Office,
Fecha de publicación, distribución, etc. 1912.
300 ## - DESCRIPCIÓN FÍSICA
Extensión 340 p. ;
Dimensiones 24 cm.
490 1# - MENCIÓN DE SERIE
Mención de serie Bureau of American ethnology Bulletin ;
Designación de volumen o secuencia 47
700 1# - ENTRADA AGREGADA--NOMBRE PERSONAL
Nombre de persona Swanton, John R.
9 (RLIN) 108923
830 0# - PUNTO DE ACCESO ADICIONAL DE SERIE-TÍTULO UNIFORME
Título uniforme Bureau of American ethnology Bulletin ;
Designación de volumen o secuencia 47
9 (RLIN) 181779
852 ## - LOCALIZACIÓN
Ubicación ES-MaACL
Número de control de estantería G-15402
Holdings
Estatus retirado Estado de pérdida Estado de daño No para préstamo Biblioteca de origen Biblioteca actual Ubicación en estantería Fecha de adquisición Fuente de adquisición Total de préstamos Signatura topográfica completa Código de barras Visto por última vez Precio de reemplazo Tipo de ítem Koha
        Biblioteca del Ateneo de Madrid Biblioteca del Ateneo de Madrid Sala Pecera Planta 3 17/01/2008     G-15402 1060556 23/02/2023 23/02/2023 Libro impreso